Online
Catalog

Crónicas / (Record no. 6085)

MARC details
000 -CABECERA
campo de control de longitud fija 00785cam a2200217 a 4500
001 - NÚMERO DE CONTROL
campo de control 000006290
005 - FECHA Y HORA DE LA ÚLTIMA TRANSACCIÓN
campo de control 20200929153918.0
008 - DATOS DE LONGITUD FIJA--INFORMACIÓN GENERAL
campo de control de longitud fija 980804s1996 es 000 0 spa
040 ## - FUENTE DE LA CATALOGACIÓN
Centro catalogador/agencia de origen DO-SdBNP
Centro/agencia transcriptor DLC
082 ## - NÚMERO DE LA CLASIFICACIÓN DECIMAL DEWEY
Número de clasificación S868.6
Número de documento/Ítem A495c
100 1# - ENTRADA PRINCIPAL--NOMBRE DE PERSONA
Nombre de persona Ambrogi, Arturo,
Fechas asociadas al nombre 1874-1936.
9 (RLIN) 17568
245 10 - MENCIÓN DE TÍTULO
Título Crónicas /
Mención de responsabilidad, etc. Arturo Ambrogi.
260 ## - PUBLICACIÓN, DISTRIBUCIÓN, ETC.
Lugar de publicación, distribución, etc. San Salvador :
Nombre del editor, distribuidor, etc. Consejo Nacional para la Cultura y el Arte (Concultura),
Fecha de publicación, distribución, etc. 1996.
300 ## - DESCRIPCIÓN FÍSICA
Extensión 126 p. ;
Dimensiones 22 cm.
490 1# - MENCIÓN DE SERIE
Mención de serie Biblioteca Básica de Literatura Salvadoreña
Designación de volumen o secuencia v. 3
650 #4 - PUNTO DE ACCESO ADICIONAL DE MATERIA--TÉRMINO DE MATERIA
Término de materia o nombre geográfico como elemento de entrada Crónicas salvadoreñas
9 (RLIN) 17569
650 #4 - PUNTO DE ACCESO ADICIONAL DE MATERIA--TÉRMINO DE MATERIA
Término de materia o nombre geográfico como elemento de entrada Literatura salvadoreña
9 (RLIN) 2929
651 #4 - PUNTO DE ACCESO ADICIONAL DE MATERIA--NOMBRE GEOGRÁFICO
Nombre geográfico El Salvador
Subdivisión general Vida Social Y Costumbres
9 (RLIN) 17570
830 #0 - PUNTO DE ACCESO ADICIONAL DE SERIE-TÍTULO UNIFORME
Título uniforme Biblioteca Básica de Literatura Salvadoreña;
Designación de volumen o secuencia v. 3
9 (RLIN) 8991
910 ## - DATOS DE OPCIÓN DEL USUARIO (OCLC)
Datos de opción del usuario Catalogación por copia / LC
Holdings
Estado de retiro Estado de pérdida Restricciones de uso No para préstamo Código de colección Localización permanente Ubicación/localización actual Ubicación en estantería Fecha de adquisición Número de inventario Total de préstamos Signatura topográfica completa Código de barras Fecha visto por última vez Precio válido a partir de Tipo de ítem Koha
    Préstamo interno   Monografías: Libros y Folletos General General En catalogación 27.08.2009 LF1   S868.6 A495c 6290-10 25.06.2020 25.06.2020 Préstamo interno

Powered by Koha